Pays qui gagnent le plus grâce au tourisme - Statistiques

Statistiques générales
  • Ce quiz a été pris 97 fois
  • Le résultat moyen est 5 sur 7
Statistiques - réponses
Hint Réponse % Correct
215 Mrd $ USA
99%
110 Mrd $ Espagne
86%
84 Mrd $ Italie
85%
96 Mrd $ Royaume uni
75%
75 Mrd $ Thailande
56%
85 Mrd $ Turquie
53%
93 Mrd $ Emirats arabes unis
38%
Aucun quiz correspondant
Distribution des résultats
% des personnes avec chaque résultat
Percentile par nombre de réponses
Votre historique - résultats
Vous n’avez pas pris ce quiz